Quizzes
Events
Quiz Creation
Community
Videos
Private Events
Remove Ads
Sign In
Join for FREE
Feedback
Dark Mode
Quiz Categories
Sports
Geography
Music
Movies
Television
Just For Fun
Miscellaneous
History
Literature
Language
Science
Gaming
Entertainment
Religion
Holiday
For Kids
Quiz Lab
Recent
Popular Today
Quiz Kudos Today
Editor Picks
Curator Picks
Quizzes by...
Day
Popularity
Type
Ratings
Length
Year
Community
Subscriptions
Recent Discussions
Orange Saloon
Badges
Playlists
Quests
Create
Leaderboards
Showdown
Live 5
Trivia Bingo
Activity
Puzzle Library
Sporcle Events
Private Events
Virtual Trivia
Globe League
Become a Host
Pub Owners
SporcleCon
Opinionation
Our Games
Videos
Blog
Mobile Apps
Partnerships
Remove Ads and Go Orange
Feedback
Sports
Athletes
MLB
NBA
NHL
NFL
Soccer
Sports Teams
WWE
NCAA
Football
Premier League
Basketball
Baseball
Hockey
Golf
Tennis
Cricket
Rugby
Auto Racing
Olympics
World Cup
Sports
Athletes
MLB
NBA
NHL
NFL
Soccer
Sports Teams
WWE
NCAA
Football
Premier League
Basketball
Baseball
Hockey
Golf
Tennis
Cricket
Rugby
Auto Racing
Olympics
World Cup
Random Quiz
Search Sporcle
×
Quiz Lab
Quiz Lab
Sports
WWE
Type in answers that appear in a list
Type in answers that appear in a list
Classic
Best Score? Go Orange.
WWE PPV Matches of 2015 Stats
Can you name the WWE PPV Matches of 2015
By
svenmetenstra94
10m
281 Questions
1,974 Plays
1,974 Plays
1,974 Plays
Comments
Comments
Give Quiz Kudos
Give Quiz Kudos
-
- Ratings
hide this ad
Replay
Link that replays current quiz
Next Quiz
Link to next quiz in quiz playlist
You Got
0%
They Got
Avg Score
89%
Avg Friend Score
Upgrade to see
Score Distribution
Jump to the score distribution portion of the page
Score
0/281
Timer
10:00
0
Plays Today
Event
Superstar
% Correct
Royal Rumble
John Cena
97.5%
Fastlane
John Cena
97.5%
WrestleMania 31
John Cena
97.5%
Extreme Rules
John Cena
97.5%
Payback
John Cena
97.5%
Elimination Chamber
John Cena
97.5%
Money In The Bank
John Cena
97.5%
Battleground
John Cena
97.5%
Summerslam
John Cena
97.5%
Night of Champions
John Cena
97.5%
Hell In A Cell
John Cena
97.5%
Royal Rumble
Seth Rollins
96.9%
Fastlane
Seth Rollins
96.9%
WrestleMania 31
Seth Rollins
96.9%
WrestleMania 31
Seth Rollins
96.9%
Extreme Rules
Seth Rollins
96.9%
Payback
Seth Rollins
96.9%
Elimination Chamber
Seth Rollins
96.9%
Money In The Bank
Seth Rollins
96.9%
Battleground
Seth Rollins
96.9%
Summerslam
Seth Rollins
96.9%
Night of Champions
Seth Rollins
96.9%
Night of Champions
Seth Rollins
96.9%
Hell In A Cell
Seth Rollins
96.9%
Royal Rumble
Roman Reigns
96.4%
Fastlane
Roman Reigns
96.4%
WrestleMania 31
Roman Reigns
96.4%
Extreme Rules
Roman Reigns
96.4%
Payback
Roman Reigns
96.4%
Money In The Bank
Roman Reigns
96.4%
Battleground
Roman Reigns
96.4%
Summerslam
Roman Reigns
96.4%
Night of Champions
Roman Reigns
96.4%
Hell In A Cell
Roman Reigns
96.4%
Survivor Series
Roman Reigns
96.4%
Survivor Series
Roman Reigns
96.4%
Survivor Series
Roman Reigns
96.4%
TLC
Roman Reigns
96.4%
Fastlane
Dean Ambrose
95.8%
WrestleMania 31
Dean Ambrose
95.8%
Extreme Rules
Dean Ambrose
95.8%
Payback
Dean Ambrose
95.8%
Elimination Chamber
Dean Ambrose
95.8%
Money In The Bank
Dean Ambrose
95.8%
Summerslam
Dean Ambrose
95.8%
Night of Champions
Dean Ambrose
95.8%
Survivor Series
Dean Ambrose
95.8%
Survivor Series
Dean Ambrose
95.8%
TLC
Dean Ambrose
95.8%
Royal Rumble
Brock Lesnar
94.4%
WrestleMania 31
Brock Lesnar
94.4%
Battleground
Brock Lesnar
94.4%
Summerslam
Brock Lesnar
94.4%
Hell In A Cell
Brock Lesnar
94.4%
Royal Rumble
Jey Uso
94.3%
Royal Rumble
Jimmy Uso
94.3%
Fastlane
Jey Uso
94.3%
Fastlane
Jimmy Uso
94.3%
Survivor Series
Jey Uso
94.3%
Survivor Series
Jimmy Uso
94.3%
TLC
Jey Uso
94.3%
TLC
Jimmy Uso
94.3%
Extreme Rules
Kofi Kingston
94%
Payback
Kofi Kingston
94%
Elimination Chamber
Kofi Kingston
94%
Money In The Bank
Kofi Kingston
94%
Battleground
Kofi Kingston
94%
Summerslam
Kofi Kingston
94%
Night of Champions
Kofi Kingston
94%
Hell In A Cell
Kofi Kingston
94%
Survivor Series
Kofi Kingston
94%
TLC
Kofi Kingston
94%
Extreme Rules
Big E
93.9%
Payback
Big E
93.9%
Elimination Chamber
Big E
93.9%
Money In The Bank
Big E
93.9%
Battleground
Big E
93.9%
Summerslam
Big E
93.9%
Night of Champions
Big E
93.9%
Hell In A Cell
Big E
93.9%
Survivor Series
Big E
93.9%
TLC
Big E
93.9%
WrestleMania 31
Randy Orton
93.6%
Extreme Rules
Sheamus
93.6%
Extreme Rules
Randy Orton
93.6%
Payback
Sheamus
93.6%
Payback
Randy Orton
93.6%
Elimination Chamber
Sheamus
93.6%
Money In The Bank
Sheamus
93.6%
Money In The Bank
Randy Orton
93.6%
Battleground
Randy Orton
93.6%
Battleground
Sheamus
93.6%
Summerslam
Sheamus
93.6%
Summerslam
Randy Orton
93.6%
Event
Superstar
% Correct
Survivor Series
Sheamus
93.6%
Survivor Series
Sheamus
93.6%
TLC
Sheamus
93.6%
Fastlane
Kane
93.4%
Money In The Bank
Kane
93.4%
Hell In A Cell
Kane
93.4%
Survivor Series
Kane
93.4%
WrestleMania 31
Bray Wyatt
93.1%
Payback
Bray Wyatt
93.1%
Battleground
Bray Wyatt
93.1%
Summerslam
Bray Wyatt
93.1%
Night of Champions
Bray Wyatt
93.1%
Hell In A Cell
Bray Wyatt
93.1%
Survivor Series
Bray Wyatt
93.1%
TLC
Bray Wyatt
93.1%
Royal Rumble
Nikki Bella
92.8%
Fastlane
Nikki Bella
92.8%
WrestleMania 31
Nikki Bella
92.8%
Extreme Rules
Nikki Bella
92.8%
Payback
Nikki Bella
92.8%
Elimination Chamber
Nikki Bella
92.8%
Money In The Bank
Nikki Bella
92.8%
Summerslam
Nikki Bella
92.8%
Night of Champions
Nikki Bella
92.8%
Hell In A Cell
Nikki Bella
92.8%
Royal Rumble
Brie Bella
92.6%
Fastlane
Dolph Ziggler
92.6%
WrestleMania 31
Dolph Ziggler
92.6%
WrestleMania 31
Brie Bella
92.6%
Extreme Rules
Dolph Ziggler
92.6%
Payback
Dolph Ziggler
92.6%
Payback
Brie Bella
92.6%
Elimination Chamber
Dolph Ziggler
92.6%
Money In The Bank
Dolph Ziggler
92.6%
Battleground
Brie Bella
92.6%
Summerslam
Dolph Ziggler
92.6%
Summerslam
Luke Harper
92.6%
Summerslam
Brie Bella
92.6%
Night of Champions
Dolph Ziggler
92.6%
Night of Champions
Luke Harper
92.6%
Survivor Series
Dolph Ziggler
92.6%
Survivor Series
Luke Harper
92.6%
TLC
Luke Harper
92.6%
WrestleMania 31
Luke Harper
92.6%
Extreme Rules
Luke Harper
92.6%
Elimination Chamber
Xavier Woods
92.6%
Money In The Bank
Xavier Woods
92.6%
Survivor Series
Xavier Woods
92.6%
WrestleMania 31
Triple H
92.2%
Royal Rumble
Rusev
92.2%
Fastlane
Rusev
92.2%
WrestleMania 31
Rusev
92.2%
Extreme Rules
Rusev
92.2%
Payback
Rusev
92.2%
Summerslam
Rusev
92.2%
Night of Champions
Rusev
92.2%
TLC
Rusev
92.2%
WrestleMania 31
The Undertaker
91.9%
Summerslam
The Undertaker
91.9%
Hell In A Cell
The Undertaker
91.9%
Survivor Series
The Undertaker
91.9%
Fastlane
Cesaro
91.5%
Extreme Rules
Cesaro
91.5%
Payback
Cesaro
91.5%
Elimination Chamber
Cesaro
91.5%
Summerslam
Cesaro
91.5%
TLC
Erick Rowan
91.5%
Royal Rumble
The Miz
91.4%
Fastlane
Erick Rowan
91.4%
Summerslam
The Miz
91.4%
Fastlane
Daniel Bryan
91.1%
WrestleMania 31
Daniel Bryan
91.1%
Royal Rumble
Paige
90.7%
Fastlane
Paige
90.7%
WrestleMania 31
Paige
90.7%
Elimination Chamber
Paige
90.7%
Money In The Bank
Paige
90.7%
Summerslam
Paige
90.7%
Survivor Series
Paige
90.7%
TLC
Paige
90.7%
Fastlane
Big Show
90.6%
Extreme Rules
Big Show
90.6%
Money In The Bank
Big Show
90.6%
Summerslam
Big Show
90.6%
Elimination Chamber
Kevin Owens
90.1%
Money In The Bank
Kevin Owens
90.1%
Battleground
Kevin Owens
90.1%
Summerslam
Kevin Owens
90.1%
Night of Champions
Kevin Owens
90.1%
Hell In A Cell
Kevin Owens
90.1%
Survivor Series
Kevin Owens
90.1%
TLC
Kevin Owens
90.1%
Fastlane
Ryback
88.6%
Payback
Ryback
88.6%
Event
Superstar
% Correct
Elimination Chamber
Ryback
88.6%
Money In The Bank
Ryback
88.6%
Summerslam
Ryback
88.6%
Night of Champions
Ryback
88.6%
Hell In A Cell
Ryback
88.6%
Survivor Series
Ryback
88.6%
TLC
Ryback
88.6%
Fastlane
Stardust
88.2%
WrestleMania 31
Stardust
88.2%
Summerslam
Stardust
88.2%
Battleground
Sasha Banks
87.7%
Summerslam
Sasha Banks
87.7%
Payback
King Barrett
87.2%
Elimination Chamber
King Barrett
87.2%
Summerslam
King Barrett
87.2%
Survivor Series
King Barrett
87.2%
WrestleMania 31
AJ Lee
86.7%
Summerslam
Becky Lynch
86.7%
WrestleMania 31
Sting
86.4%
Night of Champions
Sting
86.4%
Night of Champions
Braun Strowman
86%
TLC
Braun Strowman
86%
Fastlane
Tyson Kidd
85.9%
Extreme Rules
Tyson Kidd
85.9%
Payback
Tyson Kidd
85.9%
Elimination Chamber
Tyson Kidd
85.9%
Elimination Chamber
Kalisto
85.7%
Summerslam
Kalisto
85.7%
Survivor Series
Kalisto
85.7%
TLC
Kalisto
85.7%
Elimination Chamber
Sin Cara
85.6%
Summerslam
Sin Cara
85.6%
Survivor Series
Sin Cara
85.6%
TLC
Sin Cara
85.6%
Hell In A Cell
Alberto Del Rio
85.3%
Survivor Series
Alberto Del Rio
85.3%
TLC
Alberto Del Rio
85.3%
Fastlane
Bad News Barrett
85.3%
WrestleMania 31
Bad News Barrett
85.3%
Battleground
Charlotte
84.6%
Summerslam
Charlotte
84.6%
Night of Champions
Charlotte
84.6%
Hell In A Cell
Charlotte
84.6%
Survivor Series
Charlotte
84.6%
TLC
Charlotte
84.6%
Fastlane
Goldust
84.1%
Extreme Rules
Naomi
83.4%
Payback
Naomi
83.4%
Elimination Chamber
Naomi
83.4%
Summerslam
Naomi
83.4%
Night of Champions
Bubba Ray Dudley
81.5%
Night of Champions
D-Von Dudley
81.5%
Hell In A Cell
Bubba Ray Dudley
81.5%
Hell In A Cell
D-Von Dudley
81.5%
TLC
Bubba Ray Dudley
81.5%
TLC
D-Von Dudley
81.5%
Elimination Chamber
Darren Young
81.2%
Money In The Bank
Darren Young
81.2%
Battleground
Darren Young
81.2%
Summerslam
Darren Young
81.2%
Night of Champions
Chris Jericho
80.9%
Elimination Chamber
Titus O'Neil
80.9%
Money In The Bank
Titus O'Neil
80.9%
Battleground
Titus O'Neil
80.9%
Summerslam
Titus O'Neil
80.9%
WrestleMania 31
R-Truth
80.7%
Payback
Tamina Snuka
80.3%
Royal Rumble
Damien Mizdow
79.1%
Royal Rumble
Natalya
78.8%
Elimination Chamber
Mark Henry
78.3%
Royal Rumble
Viktor
78.2%
Elimination Chamber
Viktor
78.2%
Royal Rumble
Konnor
77.8%
Elimination Chamber
Konnor
77.8%
Summerslam
Alicia Fox
77.3%
Payback
Neville
76.8%
Elimination Chamber
Neville
76.8%
Money In The Bank
Neville
76.8%
Summerslam
Neville
76.7%
TLC
Jack Swagger
72.1%
TLC
Rhyno
71.2%
Elimination Chamber
R-Truth
70.5%
TLC
Tommy Dreamer
70.1%
Elimination Chamber
Diego
69.1%
Summerslam
Diego
69.1%
Royal Rumble
Billy Gunn
68.9%
Royal Rumble
Road Dogg
68.8%
Elimination Chamber
Fernando
68.6%
Summerslam
Fernando
68.6%
Summerslam
Stephen Amell
60.5%
Survivor Series
Tyler Breeze
57.5%
Elimination Chamber
Bo Dallas
55.4%
Summerslam
Tamina Snuka
55.3%
Quiz Playlist
Details
Report
Send in Message
Add To Playlist
Classic:
Type in answers that appear in a list
Last Updated: Feb 16, 2017
Quiz Scoreboard
CHALLENGE
Sign Up to Join the Scoreboard
Show All
Scores
Hide
Comments
May contain spoilers
Recently Published
College Basketball Coaching Resumes
by pancakes188
Sports
9m
Billboard Blitz: Fleetwood Mac
by CooCooCachoo
Music
15s
Presidents Visiting Landmarks
by Hejman
History
7m
More to Explore
Quiz From the Vault
Featured Blog Post
Where Did the Easter Bunny Come From?
hide this ad
You Might Also Like...
Tags
WWE Quiz
2015
Championship Matches
Diva
PPV
PPV Event
PPV Matches
PPV Opponents
Pro Wrestling
Superstar
Title Matches
Wrestling
Today's Top Quizzes in Sports
Browse Sports
hide this ad
Today's Top Quizzes in WWE
Browse WWE
Top Contributed Quizzes in Sports
1
2022 World Cup Stars
2
Les meilleurs buteurs des matchs entre le PSG et l’OM
3
FIFA Club World Cup Champions
4
Les entraîneurs de l'OM et du PSG au 21e siècle
5
Criteria MLB: Left Handed Sluggers
6
AFC Teams Reveal (Wrong Answers Minefield)
7
2023 MLB Unique Player Accomplishments
8
Players with Multiple 50 Home Run Seasons
9
5-to-1: FBS Animal Nicknames
10
5-to-1: UK Sports Teams
Explore More
Trending Topics
NBA
Harry Potter
Marvel
Anime
Disney
Kpop
Crossword
Soccer
Puzzle
Country
NFL
The Office
WWE
Song
Pokémon
hide this ad
More By:
svenmetenstra94
Quiz
Plays
Rating
Category
Featured
Created
WWE PPV Opponents of Brock Lesnar
141,244
4.50
Sports
Apr 8, 2012
WWE PPV Opponents of Roman Reigns
31,795
4.54
Sports
Oct 28, 2013
WWE PPV Opponents of Seth Rollins
28,266
4.68
Sports
Oct 28, 2013
WWE PPV Opponents of CM Punk
27,141
4.61
Sports
Nov 9, 2011
WWE PPV Opponents of Daniel Bryan
23,869
4.19
Sports
Oct 25, 2011
Go to Creator's Profile
Score Distribution
Quiz Creator Spotlight
svenmetenstra94
Follow
Send a Message
Quizzes Created
-
Created Quiz Play Count
-
More By This Creator
Popular Quizzes Today
1
Find the US States - No Outlines Minefield
2
Find the Countries of Europe - No Outlines Minefield
3
The Countries of the World
4
Find the US States
5
Risky Map Clicking: Biggest States A-Z
6
US States
7
Popular People in 1961
8
Movies - When Are They Set?
More Sports Quizzes
Leo Messi's Career
Quiz Lab
Trending Quizzes
Risky Map Clicking: Least Populous States A-Z
1-10 Letter G Words
1-10 Letter F Words
Risky Map Clicking: Next State Alphabetically
Adjectives in 80s TV Shows
Recently Updated
Leaping Animals
pecheneg
Reality TV Shows (A-Z)
bhenderson79
Rickey Henderson's Hall of Fame Teammates
pecheneg
Champions League XIs: Arsenal
pecheneg
Quick Pick: Celebrities in WWE's Hall of Fame
aduchscher
A-Z Keypad Blitz II
pecheneg
Multiple Oscar Actors
pecheneg
Mystery Phrase Blitz: Oscar 'Best Actors'
pecheneg
F. Scott Fitzgerald Novels
LTH
Pick 3 Villains
ddd62291
Trending Topics
Anime
Marvel
NBA
Disney
Kpop
Crossword
Harry Potter
WWE
NFL
Pokémon
Soccer
Country
Puzzle
Song
The Office
Your Account Isn't Verified!
In order to create a playlist on Sporcle, you need to verify the email address you used during registration. Go to your
Sporcle Settings
to finish the process.
Report this User
Report this user for behavior that violates our
Community Guidelines
.
Details:
Send Report
Go to the Sporcle.com Mobile Site →
Comments